00333nam a22001337a 4500008004100000020001500041100002800056245001800084260004400102300001000146650001800156942000800174999001700182130909b xxu||||| |||| 00| 0 eng d a90653401651 dVink, Willem deeauthor10aJesus Messiah aHouten, The NetherlandsbProclamac1993 a60 p. 02Jesus Messiah 2ddc c63730d63704